000 00988nam a22002537a 4500
005 20240530110933.0
008 220221s2010 ua c g b 000 0 ara d
017 _bمصر. دار الكتب
040 _aEG-CaGPL
_cEG-CaGPL
082 0 4 _221
_a352.36 /
_bح ا
100 0 1 _aحسين عبدالحميد احمد رشوان
245 1 0 _aالادارة والمجتمع :
_bدراسة فى علم اجتماع الادارة /
_cتاليف حسين عبدالحميد احمد رشوان
260 _aالاسكندرية :
_bمؤسسة شباب الجامعة ،
_c2010
300 _a241 ص ؛
_c24 سم
650 0 7 _aالادارة
_2qrmak
650 0 7 _aالادارة العامة
_2qrmak
_xالقانون
650 0 7 _aالاقتصاد
_2qrmak
650 0 7 _aعلم النفس
_2qrmak
650 0 7 _aعلم السياسة
_2qrmak
650 0 7 _aالادراة والمجتمع
_2qrmak
651 _2qrmak
942 _2ddc
_cBK
999 _c66689
_d66689